Statystyki dla Tablice Rejestracyjne w Polsce (Powiatami)

Kliknij tutaj aby rozwiązać quiz!

Ogólne statystyki

  • Ten quiz został rozwiązany 618 razy
  • Średni wynik to 151 z 394

Statystyki odpowiedzi

HintOdpowiedź% Poprawnych
BiałystokBI
71%
GdańskGD
69%
AugustowskiBAU
68%
GdańskiGDA
68%
BiałostockiBIA
66%
BydgoszczCB
66%
KrakówKR, KK
66%
GliwiceSG
64%
CzęstochowaSC
63%
BydgoskiCBY
62%
KrakowskiKRA
62%
Bielsko-BiałaSB
62%
GliwickiSGL
62%
BełchatowskiEBE
61%
ElblągNE
61%
CzęstochowskiSCZ
61%
KatowiceSK
61%
ŁódźEL
60%
GdyniaGA
60%
Bielski (Bielsko-Biała)SBI
60%
AleksandrowskiCAL
59%
Dąbrowa GórniczaSD
59%
LublinLU
58%
EłckiNEL
58%
Biała PodlaskaLB
57%
ElbląskiNEB
57%
OpoleOP
57%
Gorzów WielkopolskiFG
56%
ChełmLC
56%
GnieźnieńskiPGN
56%
PoznańPO, PY
56%
BędzińskiSBE
56%
GrudziądzCG
55%
InowrocławskiCIN
55%
LegnicaDL
55%
LegnickiDLE
55%
KaliszPK
55%
KielceTK
55%
KieleckiTKI
55%
KoszalinZK
55%
OpolskiOPO
54%
RzeszówRZ
54%
CieszyńskiSCI
54%
ChorzówSH
54%
BytomSY
54%
RadomWR
54%
KoszalińskiZKO
54%
GrudziądzkiCGR
53%
Łódzki WschodniELW
53%
ChełmskiLCH
53%
BartoszyckiNBA
53%
GiżyckiNGI
53%
OlsztynNO
53%
KaliskiPKA
53%
BieszczadzkiRBI
53%
RzeszowskiRZE
53%
RadomskiWRA
53%
Jelenia GóraDJ
52%
JeleniogórskiDJE
52%
KrosnoRK
52%
PłockWP
52%
Nowy SączKN
51%
LubelskiLUB
51%
OlsztyńskiNOL
51%
PłockiWPL
51%
Bielski (Podlaski)BBI
49%
ŁomżaBL
49%
KłodzkiDKL
49%
GorzowskiFGW
49%
ChojnickiGCH
49%
HrubieszowskiLHR
49%
Opolski (Lubelski)LOP
49%
IławskiNIL
49%
LesznoPL
49%
JaworznoSJ
49%
LegionowskiWL
49%
KołobrzeskiZKL
49%
SzczecinZS, ZZ
49%
BolesławieckiDBL
48%
GłogowskiDGL
48%
Piotrków TrybunalskiEP
48%
PiotrkowskiEPI
48%
SłupskGS
48%
OświęcimskiKOS
48%
PrzemyślRP
48%
SosnowiecSO
48%
RybnikSR
48%
MińskiWM
48%
ŁomżyńskiBLM
47%
ToruńCT
47%
Nowodworski (Gdański)GND
47%
NowosądeckiKNS
47%
Jastrzębie-ZdrójSJZ
47%
CiechanowskiWCI
47%
SuwałkiBS
46%
SłupskiGSL
46%
BocheńskiKBA, KBC
46%
Warszawa: BemowoWB
46%
GarwolińskiWG
46%
GrójeckiWGR
46%
OstrołękaWO
46%
HajnowskiBHA
45%
SuwalskiBSU
45%
ToruńskiCTR
45%
WrocławDW
45%
BytowskiGBY
45%
KartuskiGKA
45%
LęborskiGLE
45%
SopotGSP
45%
NowotarskiKNT
45%
MrągowskiNMR
45%
JarosławskiRJA
45%
SandomierskiTSA
45%
Nowodworski (Mazowiecki)WND
45%
OstrołęckiWOS
45%
Kędzierzyńsko-KozielskiOK
44%
NyskiONY
44%
KoninPN
44%
Ostrowski (Wielkopolski)POS
44%
MieleckiRMI
44%
Bieruńsko-LędzińskiSBL
44%
MysłowiceSM
44%
OtwockiWOT
44%
SiedlceWS
44%
SzczecineckiZSZ
44%
MalborskiGMB
43%
PuckiGPU
43%
TarnówKT
43%
GołdapskiNGO
43%
Brzeski (Brzeg)OB
43%
KonińskiPKN
43%
DębickiRDE
43%
KrośnieńskiRKR
43%
SanockiRSA
43%
Piekary ŚląskieSPI
43%
Grodziski (Mazowiecki)WGM
43%
PruszkowskiWPR, WPP, WPS
43%
SiedleckiWSI
43%
DrawskiZDR
43%
ŚwinoujścieZSW
43%
LubińskiDLU
42%
WrocławskiDWR
42%
PabianickiEPA
42%
KwidzyńskiGKW
42%
LimanowskiKLI
42%
TarnowskiKTA
42%
KraśnickiLKR
42%
BraniewskiNBR
42%
Grodziski (Wielkopolski)PGO
42%
RybnickiSRB
42%
TychyST
42%
PiaseczyńskiWPI
42%
BialskiLBI
41%
KluczborskiOKL
41%
ŁańcuckiRLA
41%
PrzemyskiRPR
41%
MławskiWML
41%
GryfińskiZGR
41%
GryfickiZGY
41%
ChełmińskiCCH
40%
KutnowskiEKU
40%
JarocińskiPJA
40%
LeszczyńskiPLE
40%
PoznańskiPZ
40%
BiałogardzkiZBI
40%
DzierżoniowskiDDZ
39%
JaworskiDJA
39%
SkierniewiceES
39%
SkierniewickiESK
39%
ChrzanowskiKCH
39%
WadowickiKWA
39%
BiłgorajskiLBL
39%
JanowskiLJA
39%
DziałdowskiNDZ
39%
LidzbarskiNLI
39%
GoleniowskiZGL
39%
BrodnickiCBR
38%
TczewskiGTC
38%
Brzeski (Brzesko)KBR
38%
TatrzańskiKTT
38%
KrasnostawskiLKS
38%
OstródzkiNOS
38%
GłubczyckiOGL
38%
KolskiPKL
38%
PilskiPP
38%
Średzki (Wielkopolski)PSR
38%
JasielskiRJS
38%
TarnobrzegRT
38%
Warszawa: BiałołękaWA
38%
StargardzkiZST
38%
GrajewskiBGR
37%
KamiennogórskiDKA
37%
LwóweckiDLW
37%
ŁęczyckiELE
37%
Krośnieński (Odrzański)FKR
37%
GorlickiKGR
37%
MyślenickiKMY
37%
LeżajskiRLE
37%
TarnobrzeskiRTA
37%
Siemianowice ŚląskieSI
37%
ZabrzeSZ
37%
BuskiTBU
37%
GostynińskiWGS
37%
PolickiZPL
37%
WłocławekCW
36%
RadomszczańskiERA
36%
Zielona GóraFZ
36%
CzłuchowskiGCZ
36%
StarogardzkiGST
36%
NidzickiNNI
36%
Czarnkowsko-TrzcianeckiPCT
36%
KępińskiPKE
36%
JędrzejowskiTJE
36%
SochaczewskiWSC
36%
WłocławskiCWL
35%
SieradzkiESI
35%
WejherowskiGWE, GWO
35%
OlkuskiKOL
35%
PuławskiLPU
35%
Tomaszowski (Lubelski)LTM
35%
KętrzyńskiNKE
35%
KrapkowickiOKR
35%
GostyńskiPGS
35%
KrotoszyńskiPKR
35%
MyszkowskiSMY
35%
PułtuskiWPU
35%
Warszawski ZachodniWZ
35%
KamieńskiZKA
35%
Golubsko-DobrzyńskiCGD
34%
MilickiDMI
34%
OleśnickiDOL
34%
BrzezińskiEBR
34%
ŁaskiELA
34%
ŁowickiELC
34%
ŁukowskiLLU
34%
ZamośćLZ
34%
ZamojskiLZA
34%
PiskiNPI
34%
NamysłowskiONA
34%
KościańskiPKS
34%
NowotomyskiPNT
34%
ObornickiPOB
34%
LeskiRLS
34%
KłobuckiSKL
34%
LublinieckiSLU
34%
PszczyńskiSPS
34%
Warszawa: MokotówWE
34%
PłońskiWPN
34%
Warszawa: Rembertów, Wilanów, WłochyWW
34%
ZielonogórskiFZI
33%
KościerskiGKS
33%
MiechowskiKMI
33%
KolbuszowskiRKL
33%
StalowowolskiRST
33%
MikołowskiSMI
33%
OpatowskiTOP
33%
OstrowieckiTOS
33%
SkarżyskiTSK
33%
MonieckiBMN
32%
NakielskiCNA
32%
GórowskiDGR
32%
PolkowickiDPL
32%
Świdnicki (Świdnica)DSW
32%
OpoczyńskiEOP
32%
PajęczańskiEPJ
32%
DąbrowskiKDA
32%
WielickiKWI
32%
ŻywieckiSZY
32%
Warszawa: Praga PołudnieWF
32%
KozienickiWKZ
32%
Ostrowski (Mazowiecki)WOR
32%
SejneńskiBSE
31%
WałbrzychDB
31%
LubartowskiLLB
31%
ŁęczyńskiLLE
31%
ChodzieskiPCH
31%
TureckiPTU
31%
BrzozowskiRBR
31%
KazimierskiTKA
31%
Warszawa: ŚródmieścieWI
31%
Warszawa: Wesoła, ŻoliborzWX
31%
SiemiatyckiBSI
30%
WałbrzyskiDBA
30%
MiędzyrzeckiFMI
30%
ŚwiebodzińskiFSW
30%
Świdnicki (Świdnik)LSW
30%
RaciborskiSRC
30%
ŚwiętochłowiceSW
30%
MakowskiWMA
30%
ChoszczeńskiZCH
30%
SokólskiBSK
29%
Tomaszowski (Mazowiecki)ETM
29%
NowosolskiFNW
29%
SłubickiFSL
29%
ŚremskiPSE
29%
PińczowskiTPI
29%
StarachowickiTST
29%
Warszawa: BielanyWD
29%
Warszawa: Praga PółnocWH
29%
ŁosickiWLS
29%
WołomińskiWWL, WV
29%
ŻyrardowskiWZY
29%
ŁobeskiZLO
29%
KolneńskiBKL
28%
LubańskiDLB
28%
OławskiDOA
28%
PoddębickiEPD
28%
ParczewskiLPA
28%
PleszewskiPPL
28%
RawickiPRA
28%
Ruda ŚląskaSL
28%
TarnogórskiSTA
28%
KoneckiTKN
28%
BiałobrzeskiWBR
28%
LipskiWLI
28%
Warszawa: OchotaWU
28%
MyśliborskiZMY
28%
SławieńskiZSL
28%
LipnowskiCLI
27%
MogileńskiCMG
27%
ZgorzeleckiDZG
27%
WieluńskiEWI
27%
SztumskiGSZ
27%
PrudnickiOPR
27%
LubaczowskiRLU
27%
Ropczycko-SędziszowskiRRS
27%
ŻorySZO
27%
TucholskiCTU
26%
RyckiLRY
26%
OleskiOOL
26%
MiędzychodzkiPMI
26%
OstrzeszowskiPOT
26%
SzamotulskiPSZ
26%
WrzesińskiPWR
26%
NiżańskiRNI
26%
PrzeworskiRPZ
26%
SokołowskiWSK
26%
RypińskiCRY
25%
Średzki (Śląski)DSR
25%
RawskiERW
25%
ZgierskiEZG
25%
Strzelecko-DrezdeneckiFSD
25%
SzczycieńskiNSZ
25%
Warszawa: TargówekWJ
25%
Warszawa: UrsusWK
25%
Warszawa: UrsynówWN
25%
SierpeckiWSE
25%
SzydłowieckiWSZ
25%
Warszawa: WolaWY
25%
SępoleńskiCSE
24%
ŚwieckiCSW
24%
SuskiKSU
24%
RadzyńskiLRA
24%
NowomiejskiNNM
24%
OleckiNOE
24%
WęgorzewskiNWE
24%
StrzeleckiOST
24%
WodzisławskiSWD, SWZ
24%
PrzasnyskiWPZ
24%
WałeckiZWA
24%
TrzebnickiDTR
23%
ProszowickiKPR
23%
ZawierciańskiSZA
23%
Warszawa: WawerWT
23%
ZłotoryjskiDZL
22%
ŻarskiFZA
22%
SłupeckiPSL
22%
StaszowskiTSZ
22%
PrzysuskiWPY
22%
WyszkowskiWWY
22%
PyrzyckiZPY
22%
WysokomazowieckiBWM
21%
ZambrowskiBZA
21%
RadziejowskiCRA
21%
ZduńskowolskiEZD
21%
WschowskiFWS
21%
ŻagańskiFZG
21%
WłodawskiLWL
21%
WolsztyńskiPWL
21%
ŻnińskiCZN
20%
ZąbkowickiDZA
20%
WieruszowskiEWE
20%
SulęcińskiFSU
20%
ŚwidwińskiZSD
20%
WąbrzeskiCWA
19%
StrzelińskiDST
19%
WołowskiDWL
19%
WągrowieckiPWA
19%
ZłotowskiPZL
19%
WęgrowskiWWE
19%
ŻuromińskiWZU
19%
ZwoleńskiWZW
19%
StrzyżowskiRSR
18%
WłoszczowskiTLW
16%

Rozkład punktacji

Percentyl według liczby udzielonych odpowiedzi

Procent ludzi z każdym wynikiem

Twoja historia wyników

Nie rozwiązałeś tego quizu